Destiny 2 Quiz - Raid weapons Leviathan/Eater of Worlds/Spire of Stars - Statistics

General Stats
  • This quiz has been taken 266 times
  • The average score is 9 of 13
Answer Stats
Hint Answer % Correct
Hand Cannon Midnight Coup
93%
Shotgun (Exotic) Legend Of Acrius
86%
Rocket Launcher Sins Of The Past
81%
Sniper Rifle Alone As A God
79%
Auto Rifle Ghost Primus
79%
Pulse Rifle Inaugural Address
72%
Shotgun (Non exotic) Zenith Of Your Kind
70%
Sword It Stared Back
67%
Submachine Gun Mob Justice
67%
Scout Rifle Conspirator
64%
Grenade Launcher I Am Alive
46%
Fusion Rifle The Emperor's Envy
46%
Sidearm Last Of The Legion
45%
No matching quizzes found
Score Distribution
Percent of People with Each Score
Percentile by Number Answered
Your Score History
You have not taken this quiz